Supplement (Record no. 76095)

MARC details
000 -LEADER
fixed length control field 01097cab a2200265 4500
001 - CONTROL NUMBER
control field ##L131462
008 - FIXED-LENGTH DATA ELEMENTS--GENERAL INFORMATION
fixed length control field 051104n2005 000 0 eng u
035 ## - SYSTEM CONTROL NUMBER
System control number (Sirsi) u131462
041 0# - LANGUAGE CODE
Language code of text/sound track or separate title eng
100 1# - MAIN ENTRY--PERSONAL NAME
Personal name Morris, Huw
245 00 - TITLE STATEMENT
Title Supplement
Remainder of title planning for climate change
260 3# - PUBLICATION, DISTRIBUTION, ETC.
Date of publication, distribution, etc. 2005
490 #0 - SERIES STATEMENT
Series statement Planning (for the Natural and Built Environment)
Volume/sequential designation November 2005, 3-11(9)
520 ## - SUMMARY, ETC.
Summary, etc. Covers aspects of the impact of climate change: climate change now and in the future; carbon emissions, the politics of climate change, the flood threat, sustainable development, adapting to climate change, assessing measures dealing with climate change, the role of renewable energy, nature conservation and creating environmentally sustainable built areas.
590 ## - LOCAL NOTE (RLIN)
Local note IKA081105
690 ## - LOCAL SUBJECT ADDED ENTRY--TOPICAL TERM (OCLC, RLIN)
Topical term or geographic name as entry element ENVIRONMENTAL AND LAND CONSULTANCY-SUSTAINABILITY-SUSTAINABLE DEVELOPMENT
700 1# - ADDED ENTRY--PERSONAL NAME
Personal name King, David
700 1# - ADDED ENTRY--PERSONAL NAME
Personal name Lanchberry, John
700 1# - ADDED ENTRY--PERSONAL NAME
Personal name Dickie, Ian
700 1# - ADDED ENTRY--PERSONAL NAME
Personal name Wilson, Elizabeth
700 1# - ADDED ENTRY--PERSONAL NAME
Personal name Marsh, Simon
700 1# - ADDED ENTRY--PERSONAL NAME
Personal name Watts, Olly
700 1# - ADDED ENTRY--PERSONAL NAME
Personal name Crawford, Jenny
942 ## - ADDED ENTRY ELEMENTS (KOHA)
Suppress in OPAC 0
Holdings
Withdrawn status Lost status Source of classification or shelving scheme Damaged status Not for loan Home library Current library Shelving location Date acquired Total Checkouts Full call number Barcode Date last seen Copy number Price effective from Koha item type
    Dewey Decimal Classification     London London Journal article 04/11/2005   L131462 30067610 06/08/2019 1 06/08/2019 Journal article